000 00317nam a2200133Ia 4500
005 20260328104254.0
008 260328s9999||||xx |||||||||||||| ||und||
100 _aKoepf, Hans
245 0 _aLa Arquitectura en sus Planos /
_cHans Koepf
260 _bCátedra
300 _a298 p.
650 _aHISTORIA
942 _cBK
999 _c10359
_d10359